[Event "Valasska Bystrice op"]
[Site "Valasska Bystrice"]
[Date "2023.09.14"]
[Round "7"]
[White "Kopecky, Matej"]
[Black "Cohen, Avi"]
[Result "1/2-1/2"]
[WhiteElo "1680"]
[BlackElo "1860"]
[PlyCount "58"]
[EventDate "2023.09.09"]
[EventType "swiss"]
[EventRounds "9"]
[EventCountry "CZE"]
[SourceTitle "EXT 2024"]
[Source "ChessBase"]
[SourceDate "2023.10.10"]
[SourceVersion "1"]
[SourceVersionDate "2023.10.10"]
[SourceQuality "1"]

1. e4 e6 2. d4 d5 3. exd5 exd5 4. Bd3 Nf6 5. Nf3 Bg4 6. Bg5 Be7 7. 0-0 0-0 8. Nbd2 Nbd7 9. c3 c6 10. Qb3 Qc7 11. Rae1 Bd6 12. h3 Bh5 13. Qc2 Bg6 14. Bxg6 hxg6 15. Bxf6 Nxf6 16. Ne5 Rfe8 17. f4 c5 18. Qb3 cxd4 19. cxd4 Qb6 20. Qxb6 axb6 21. a3 Ra4 22. Ndf3 b5 23. Rd1 b4 24. axb4 Rxb4 25. Ng5 Rf8 26. Rd2 Nh7 27. Nxh7 Kxh7 28. f5 Bxe5 29. dxe5 gxf5 1/2-1/2

[Event "Goch op 24th"]
[Site "Goch"]
[Date "2013.09.06"]
[Round "3"]
[White "Sumets, Andrey"]
[Black "Cohen, Avi"]
[Result "1-0"]
[WhiteElo "2585"]
[BlackElo "1931"]
[PlyCount "75"]
[EventDate "2013.09.05"]
[EventType "swiss"]
[EventRounds "7"]
[EventCountry "GER"]
[SourceTitle "EXT 2015"]
[Source "ChessBase"]
[SourceDate "2014.11.20"]
[SourceVersion "1"]
[SourceVersionDate "2014.11.20"]
[SourceQuality "1"]

1. d4 d5 2. c4 e6 3. Nf3 Nf6 4. g3 c6 5. Bg2 Nbd7 6. Qc2 Bd6 7. 0-0 0-0 8. Nbd2 Qe7 9. Re1 e5 10. cxd5 Nxd5 11. Nc4 Bb4 12. Rd1 exd4 13. a3 Bc5 14. b4 Bb6 15. Nxd4 Ne5 16. Nxb6 axb6 17. Bb2 Nf6 18. a4 Re8 19. b5 c5 20. Nf5 Bxf5 21. Qxf5 Rab8 22. e3 Qe6 23. Qxe6 Rxe6 24. Bh3 Re7 25. Bxe5 Rxe5 26. Rd6 c4 27. Rxb6 Nd5 28. Rd6 Nc3 29. Bf1 Rc5 30. Rd4 Rbc8 31. Rd7 b6 32. Rc1 Nxa4 33. Rxc4 Nb2 34. Rxc5 bxc5 35. b6 g6 36. b7 Rb8 37. Rc7 Kg7 38. Ba6 1-0